| 000 -LEADER |
| fixed length control field |
02898cam a2200361 i 4500 |
| 001 - CONTROL NUMBER |
| control field |
22678523 |
| 003 - CONTROL NUMBER IDENTIFIER |
| control field |
NUST |
| 005 - DATE AND TIME OF LATEST TRANSACTION |
| control field |
20240605113013.0 |
| 008 - FIXED-LENGTH DATA ELEMENTS--GENERAL INFORMATION |
| fixed length control field |
220705s2023 enka 000 0 eng |
| 010 ## - LIBRARY OF CONGRESS CONTROL NUMBER |
| LC control number |
2022031168 |
| 020 ## - INTERNATIONAL STANDARD BOOK NUMBER |
| International Standard Book Number |
9780367555375 |
| 038 ## - RECORD CONTENT LICENSOR |
| Staff Name |
Malang Jan |
| 040 ## - CATALOGING SOURCE |
| Original cataloging agency |
DLC |
| Language of cataloging |
eng |
| Description conventions |
rda |
| Transcribing agency |
DLC |
| Modifying agency |
DLC |
| 042 ## - AUTHENTICATION CODE |
| Authentication code |
pcc |
| 050 00 - LIBRARY OF CONGRESS CALL NUMBER |
| Classification number |
NA2542.4 |
| Item number |
.C485 2023 |
| 082 00 - DEWEY DECIMAL CLASSIFICATION NUMBER |
| Classification number |
720.47 |
| 100 1# - MAIN ENTRY--PERSONAL NAME |
| Personal name |
Charlesworth, Esther Ruth, |
| Relator term |
author. |
| 9 (RLIN) |
123258 |
| 245 10 - TITLE STATEMENT |
| Title |
Design for fragility : |
| Remainder of title |
13 stories of humanitarian architects / |
| Statement of responsibility, etc. |
Esther Charlesworth, John Fien. |
| 264 #1 - PRODUCTION, PUBLICATION, DISTRIBUTION, MANUFACTURE, AND COPYRIGHT NOTICE |
| Place of production, publication, distribution, manufacture |
Abingdon, Oxon : |
| Name of producer, publisher, distributor, manufacturer |
Routledge/Taylor & Franics Group, |
| Date of production, publication, distribution, manufacture, or copyright notice |
2023. |
| 300 ## - PHYSICAL DESCRIPTION |
| Extent |
xxi, 209 pages : |
| Other physical details |
chiefly illustrations (some color) ; |
| Dimensions |
25 cm |
| 336 ## - CONTENT TYPE |
| Content type term |
text |
| Content type code |
txt |
| Source |
rdacontent |
| 337 ## - MEDIA TYPE |
| Media type term |
unmediated |
| Media type code |
n |
| Source |
rdamedia |
| 338 ## - CARRIER TYPE |
| Carrier type term |
volume |
| Carrier type code |
nc |
| Source |
rdacarrier |
| 505 0# - FORMATTED CONTENTS NOTE |
| Formatted contents note |
Design for fragility + children = Design for fragility + health = Design for fragility + housing = Design for fragility + justice. |
| 520 ## - SUMMARY, ETC. |
| Summary, etc. |
"This book explores the themes of design and fragility and the nascent field of 'humanitarian architecture', analysing thirteen case studies of design responses to displacement, conflict and disaster. With the number of displaced people around the world today totalling almost 100 million, the demand is now urgent for architects to respond to the design and planning challenges of rebuilding cities and landscapes destroyed by civil conflict, (un)natural disasters and poverty. Over the past decade, architects have demonstrated growing capacity in working with vulnerable communities globally, helping strengthen their resilience through designing and delivering low-cost housing, health and education projects for people who typically do not have access to design. Designing for Fragility investigates this emerging cohort of architects, landscape architects and urban planners, exploring case studies of designers working in vulnerable geographic sites and communities across Africa, Asia, The Middle East, Australia and the USA. Examples include an SOS Children's Village in Djibouti, Anandaloy in Bangladesh, Cobargo Santo House in Australia, and Gahinga Batwa Village in Uganda. The book will be a practical and inspiring resource for architects, landscape architects, design educators, humanitarian and development aid agencies that are involved, or seeking to be part, of future disaster mitigation and reconstruction strategies and projects, globally"-- |
| Assigning source |
Provided by publisher. |
| 650 #0 - SUBJECT ADDED ENTRY--TOPICAL TERM |
| Topical term or geographic name entry element |
Architecture |
| General subdivision |
Human factors |
| Form subdivision |
Case studies. |
| 9 (RLIN) |
123259 |
| 650 #0 - SUBJECT ADDED ENTRY--TOPICAL TERM |
| Topical term or geographic name entry element |
Disaster relief |
| Form subdivision |
Case studies. |
| 9 (RLIN) |
123260 |
| 700 1# - ADDED ENTRY--PERSONAL NAME |
| Personal name |
Fien, John, |
| Relator term |
author. |
| 9 (RLIN) |
123261 |
| 906 ## - LOCAL DATA ELEMENT F, LDF (RLIN) |
| a |
7 |
| b |
cbc |
| c |
orignew |
| d |
1 |
| e |
ecip |
| f |
20 |
| g |
y-gencatlg |
| 942 ## - ADDED ENTRY ELEMENTS (KOHA) |
| Source of classification or shelving scheme |
|
| Koha item type |
Book |